000 01923cam a22004934a 4500
001 106178
005 20230410120759.0
008 000309s2000 caua b s001 0 eng
035 _a11936464
925 0 _aacquire
_b2 shelf copies
_xpolicy default
942 _2lcc
_cbk
010 _a 00028713
020 _a0520221427 (cloth : alk. paper)
020 _a0520221435 (pbk. : alk. paper)
040 _aDLC
_cDLC
_dDLC
042 _apcc
043 _as-bl---
050 1 4 _aHV 6895
_bC146c 2000
082 0 0 _a364.981/61
100 1 _aCaldeira, Teresa Pires do Rio.
245 1 0 _aCity of walls :
_bcrime, segregation, and citizenship in Sao Paulo /
_cTeresa P.R. Caldeira.
260 _aBerkeley :
_bUniversity of California Press,
_cc2000.
300 _axvii, 487 p. :
_bill. ;
_c24 cm.
504 _aIncludes bibliographical references (p. 425-453) and index.
650 0 _aCrime
_zBrazil
_zSao Paulo.
650 0 _aSegregation
_zBrazil
_zSao Paulo.
650 0 _aSocial classes
_zBrazil
_zSao Paulo.
650 0 _aUrban anthropology
_zBrazil
_zSao Paulo.
650 0 _aPolice
_zBrazil
_zSao Paulo.
651 0 _aSao Paulo (Brazil)
_xSocial conditions.
650 4 _aDelincuentes
_zSao Paulo (Brasil).
650 4 _aClases sociales
_zSao Paulo (Brasil).
650 4 _aAntropología urbana
_zSao Paulo (Brasil).
650 4 _aRacismo
_zSao Paulo (Brasil).
650 4 _aMarginación social
_zSao Paulo (Brasil).
650 4 _aProblemas sociales
_zSao Paulo (Brasil).
650 4 _aViolencia
_zSao Paulo (Brasil).
651 4 _aSao Paulo (Brasil)
_xCondiciones sociales.
650 4 _a20150300
856 4 2 _3Contributor biographical information
_uhttp://www.loc.gov/catdir/bios/ucal052/00028713.html
856 4 1 _3Table of contents
_uhttp://www.loc.gov/catdir/toc/ucal041/00028713.html
856 4 2 _3Publisher description
_uhttp://www.loc.gov/catdir/description/ucal042/00028713.html
946 _aYSL
999 _c51730
_d51730